000 01274nam a22002537a 4500
003 OSt
005 20210310102619.0
008 210310s2013 ck ||||gr|||| 001 0dspa d
040 _aCO-JMCR
_cCO-JMCR
041 0 _aspa
082 0 4 _a361.6109861 /
_bM973n
_223
100 1 _aMurcia Fajardo, Jesus Benito,
_eautor
_914641
245 1 3 _aEl nuevo pacto social para una paz duradera en Colombia /
_cJesus Benito Murcia Fajardo
260 _aBogotá :
_bO.J.M Editores,
_c2013
300 _a199 páginas ;
_c21 cm.
500 _aIncluye datos biográficos del autor e índice de materias.
504 _aBibliografía: páginas 193-194
505 0 _aLímites a la pobreza y a la riqueza Derechos mínimos fundamentales -- Planes de desarrollo económicos y sociales -- Organización del Estado -- Garantías a la oposición -- De las privatizaciones -- De los servicios públicos -- Reducción del tamaño de Estado -- Remesas y salidas de utilidades al exterior -- Del desempleo -- Derecho de las mayorías - Respeto a las minorias -- Democracia directiva y participativa
650 0 4 _aPlanes de desarrollo
_zColombia
_911146
650 2 4 _aPaz
_zColombia
_97399
650 2 4 _aProductividad
_zColombia
_914642
651 4 _aColombia
_xPolítica social
_97681
942 _2ddc
_cBK
999 _c7515
_d7515